000
00178nam a2200073Ia 4500
008
170817s9999 xx 000 0 und d
100
_a
MANGAL S.K.
245
0
_a
ADVANCED EDUCATIONAL PSYCHOLOGY
260
_b
P.H.I.
999
_c
37237
_d
37237